| 000 | 00308nam a22001097a 4500 | ||
|---|---|---|---|
| 082 | _a671.56 MAN'J | ||
| 100 |
_aMANKO, HOWARD H _945872 |
||
| 245 | _aSOLDERS AND SOLDERING MATERIALS DESIGN PRODUCTION AND ANALYSIS FOR RELIABLE BONDING | ||
| 260 |
_aNEWYORK _bMCGRAW HILL _c1964 |
||
| 300 | _a323P | ||
| 942 | _cBK | ||
| 999 |
_c568436 _d568436 |
||